MALAYSIA : A New Chapter

Bibliographic Details
Other Authors: Ng, Tieh Chuan, Mohamad Azlan Jaafar
Format: Book
Language:English
Published: Petaling Jaya, Selangor Darul Ehsan: Malaysian Institute of Management, Institut Pengurusan Malaysia, 2018.
Subjects:
LEADER 01013cam a2200277 7i4500
001 0000036191
005 20191211090000.0
007 ##ta
008 191211t20182018my ac 000 0 eng
020 # # |a 9789839065503  
040 # # |a MATR 
090 0 0 |a M 959.5054092   |b MAL 
245 0 0 |a MALAYSIA :   |b A New Chapter   |c Coordinated by Ng Tieh Chuan & Mohamad Azlan Jaafar. 
264 # 4 |a ♭2018. 
264 # 1 |a Petaling Jaya, Selangor Darul Ehsan:   |b Malaysian Institute of Management, Institut Pengurusan Malaysia,   |c 2018. 
300 # # |a 104 pages:   |b illustrations (some colour), portraits;   |c 35 cm. 
336 # # |a text  |2 rdacontent 
337 # # |a unmediated  |2 rdamedia 
338 # # |a volume  |2 rdacarrier 
600 1 0 |a Mahathir bin Mohamad,   |d 1925- 
650 # 0 |a Prime Ministers --   |z Malaysia  
650 # 0 |a Political leadership --   |z Malaysia  
651 # 0 |a Malaysia --   |x Politics and government  
700 1 # |a Ng, Tieh Chuan  
700 0 # |a Mohamad Azlan Jaafar  
999 |a B000040928  |b Book  |c Malaysia  |e Business Information Centre